Verejná anonymná urbanisticko-architektonická súťaž na riešenie zóny Bratislava-Podhradie (Vydrica-Zuckermandel-Vežiaky)

Bibliographic Details
Format: Article
Language:Slovak
PhysicalDescription:Fotogr.
ISSN:1335-2180
Subjects:

MARC

LEADER 00000nab a2200000 a 4500
001 vtls000821638
003 SK-MaSNL
005 20260426082014.0
008 250429c2002 xo 0 slo
015 |a SNBRB2003/01-01313 
035 |a CLN000173293 
035 |a urn:nbn:sk:snk-abdqp6 
035 |a (urnnbn)urn:nbn:sk:snk:ar-007osk 
035 |a (uuid)8a821e05-b9c6-4457-b36c-d6d1260dc416 
040 |a SNKBUCL  |b slo  |c SNKBUCL  |e AACR2 
041 0 |a slo 
044 |a xo  |c SK 
080 |a 711.523(437.6):711.432  |2 1997 
080 |a 72.011.1:711.432(437.6)  |2 1997 
080 |a 711.432(437.6)  |2 1997 
245 0 0 |a Verejná anonymná urbanisticko-architektonická súťaž na riešenie zóny Bratislava-Podhradie (Vydrica-Zuckermandel-Vežiaky) 
300 |b Fotogr. 
651 7 |a Bratislava (Slovensko)  |2 snkbucl  |9 14568 
651 7 |a Podhradie (Bratislava, Slovensko)  |2 snkbucl  |9 111374 
655 7 |a články z novín a časopisov  |2 snkbucl  |9 267496 
773 0 |t Projekt  |g Roč. 44, č. 5 (2002), s. 12-20  |x 1335-2180 
850 |a Slovenská národná knižnica 
852 |a Slovenská národná knižnica 
954 |a odborná, vedecká literatúra pôvodná (slovenská)  |2 lita 
958 |a article19 
958 |a SK 
958 |a OND 
958 |a EUIPO 
992 |a RBX 
999 |c 2860133  |d 2862063